| 000 | 00419nam a2200157Ia 4500 | ||
|---|---|---|---|
| 008 | 210210b2003 xxu||||| |||| 00| 0 eng d | ||
| 020 | _a81 7446 351 8 | ||
| 082 | _a658.403 RAMK | ||
| 100 | _aRAMAN (A Thothathri). | ||
| 245 | _aKnowledge management a resource book. | ||
| 260 |
_aND _bExcel Books _c2003 |
||
| 300 | _axvi,304 | ||
| 650 | _aKnowledge Management | ||
| 690 | _aExecutive Management | ||
| 906 | _a059504 | ||
| 999 |
_c106756 _d106756 |
||